"Lila Wolken" Liedtext-Quiz - Statistiken

Allgemein
  • Dieses Quiz wurde 254 mal gespielt
  • Das Durchschnittsergebnis liegt bei 271 aus 382
Antwortstatistiken
Antwort % Korrekt
lila
100%
Wolken
100%
die
98%
sind
97%
Wir
97%
wir
97%
bis
96%
Bis
96%
wie
96%
wieder
96%
bleiben
95%
wach
95%
'n
92%
da
88%
ein
84%
ich
84%
Ich
84%
du
80%
ziehen
79%
und
78%
Und
78%
Stern
77%
uns
77%
uns,
77%
neu
75%
sehen
74%
sehen,
74%
neuer
72%
oben
72%
Guck
71%
Kannst
69%
zu
69%
zu?
69%
das
68%
den
68%
in
68%
mein'
68%
bei
66%
Nacht
66%
steht
66%
auf
65%
Feuerwerk?
65%
Oh,
65%
Oh!
65%
Oh
65%
oh
65%
(Oh!)
65%
ab
64%
ab!
64%
am
64%
sie
64%
komm
63%
Komm
63%
ihn
62%
leben
62%
immer
61%
kein
61%
vom
61%
Kopf
60%
hart,
58%
Hart,
58%
über
58%
von
58%
Feiern
57%
schneller
57%
Wollen
57%
wollen
57%
Yeah
57%
yeah
57%
(Yeah)
57%
(yeah)
57%
Yeah,
57%
(Yeah!)
57%
heben
56%
Himmel,
56%
Lass
56%
lassen
56%
30
55%
Grad,
55%
nicht
55%
noch
55%
aus
54%
kühl'
54%
schlafen,
54%
schlafen?
54%
Tag
54%
unserm
54%
Blau,
53%
Fensterglas
53%
Stadt
52%
Rot
51%
Hollywood
50%
vergessen
50%
deine
49%
Schluck
49%
Sonne,
49%
Zeitlupenknopf
49%
diesen
48%
einen
48%
mich,
48%
was
48%
allen
47%
Stress,
47%
auch
46%
auch,
46%
aufgeht
46%
Druck,
46%
Auge
45%
sein,
45%
sein
45%
reißen
44%
Als
43%
genau
43%
mir
43%
mit
43%
nehmen
43%
Such
43%
fallen
42%
knallt
42%
mehr
42%
Fäden
41%
nur
41%
Freunde
39%
Tonic
39%
Vergoldet
39%
fühl'
38%
Gin
38%
Jung
38%
Moment,
38%
warten
38%
Zug
38%
ignorant
37%
unsern
37%
weich,
37%
gemeinsam
36%
Jeden
36%
Stehen
35%
treffen
35%
vergolden
35%
Dach
34%
trinken
33%
kennst
32%
Namen
32%
auf'm
31%
großen
31%
Palast
31%
Welt
31%
Bauen
30%
Geld
30%
Bekommst
29%
Verlierer,
29%
gegen
28%
Probleme
27%
Träumen,
27%
Bisschen
23%
Plänen
21%
Teilen
21%
Pappbrechen
0%
Keine übereinstimmenden Quizze gefunden
Verteilung der Resultate
Anzahl Personen mit jedem Resultat
Perzentil nach korrekt beantworteten Fragen
Ihre Resultats-Entwicklung
Sie haben dieses Quiz noch nicht gespielt